000 00304nam a22001337a 4500
003 MPLRDC
005 20220104185254.0
008 210129b ||||| |||| 00| 0 eng d
082 _aDISC
100 _a熊津编辑部
245 _a迟来的美丽--1 DISC
_c
650 _a产科
942 _cCDA
_oDISC
999 _c63254
_d63244